| 000 | 01596naa a22003857a 4500 | ||
|---|---|---|---|
| 001 | BR2018000965 | ||
| 003 | BR-BrBNA | ||
| 005 | 20240918181942.0 | ||
| 007 | ta | ||
| 008 | 230509b bl.||||| |||| 00| 0 por d | ||
| 040 |
_aBR-BrBNA _bpor _cBiblioteca Nacional de Agricultura |
||
| 041 | _a(Pt) | ||
| 072 |
_aL02 _b5213 _b9702 |
||
| 090 | _aL02 BR2018000965 | ||
| 100 | 1 | _aResende, F.D. de | |
| 100 | 1 | _aSignoretti, R.D. | |
| 100 | 1 | _aCoan, R.M. | |
| 100 | 1 | _aReis, R.A. | |
| 100 | 1 | _aSiqueira, G.R. | |
| 100 | 1 | _aFaria, M.H. de | |
| 100 | 1 | _aMiguel, F.B. | |
| 245 | 1 | _aManipulação para altas produções de carne | |
| 111 | 1 |
_a1. Encontro Confinamento: Gestão Técnica e Econômica _cJaboticabal, SP (Brazl) _d6-8 Apr 2006 |
|
| 260 | 3 |
_aJaboticabal, SP (Brasil): _bFCAV-UNESP, _c2006. |
|
| 500 | _aCoan, R.M. (ed.); Turco, C. de P. (ed); Rosa, F.R.T. (ed); Reis, R.A. (ed.); Resende, F.D. de (ed.); Torres Junior, A. de M.(ed.) Confinamento: gestão técnica e econômica Jaboticabal, SP (Brasil): FCAV-UNESP, 2006. p. 81-111 (BR2018000965-AM)L02 | ||
| 650 | _aSISTEMA DE PRODUÇÃO | ||
| 650 | _aALIMENTAÇÃO SUPLEMENTAR | ||
| 650 | _aNUTRIÇÃO ANIMAL | ||
| 650 | _aPRODUÇÃO DE CARNE | ||
| 650 | _aGANHO DE PESO | ||
| 650 | _aGADO DE CORTE | ||
| 773 | 0 |
_tConfinamento: gestão técnica e econômica _aCoan, R.M. (ed.); Turco, C. de P. (ed); Rosa, F.R.T. (ed); Reis, R.A. (ed.); Resende, F.D. de (ed.); Torres Junior, A. de M.(ed.) _wL02 BR2018000965 _gJaboticabal, SP (Brasil), 2006. p. 81-111 |
|
| 909 |
_a202404 _bLucia _c55 _dLucia Elande |
||
| 942 |
_cAM _2AGRIS |
||
| 999 |
_c327677 _d327677 |
||